<?xml version="1.0" encoding="UTF-8"?>
<record
    xmlns:xsi="http://www.w3.org/2001/XMLSchema-instance"
    xsi:schemaLocation="http://www.loc.gov/MARC21/slim http://www.loc.gov/standards/marcxml/schema/MARC21slim.xsd"
    xmlns="http://www.loc.gov/MARC21/slim">

  <leader>01288nam a22002657a 4500</leader>
  <controlfield tag="005">20090318102023.0</controlfield>
  <controlfield tag="008">090212t        xxu||||| |||| 00| 0 eng d</controlfield>
  <datafield tag="010" ind1=" " ind2=" ">
    <subfield code="a">TEL-5044</subfield>
  </datafield>
  <datafield tag="020" ind1=" " ind2=" ">
    <subfield code="c">200.00</subfield>
    <subfield code="a">8182940354</subfield>
  </datafield>
  <datafield tag="035" ind1=" " ind2=" ">
    <subfield code="a">TL-4050</subfield>
  </datafield>
  <datafield tag="037" ind1=" " ind2=" ">
    <subfield code="b">DBAD / PUB</subfield>
  </datafield>
  <datafield tag="040" ind1=" " ind2=" ">
    <subfield code="a">dpl</subfield>
    <subfield code="b">Telugu</subfield>
  </datafield>
  <datafield tag="082" ind1=" " ind2=" ">
    <subfield code="a">211.8</subfield>
  </datafield>
  <datafield tag="100" ind1=" " ind2=" ">
    <subfield code="a">&#xC21;&#xC3E;&#xC15;&#xC3F;&#xC28;&#xC4D;&#xC38;&#xC4D;, &#xC30;&#xC3F;&#xC1A;&#xC30;&#xC4D;&#xC21;&#xC4D;</subfield>
  </datafield>
  <datafield tag="245" ind1=" " ind2=" ">
    <subfield code="a">&#xC26;&#xC47;&#xC35;&#xC41;&#xC21;&#xC3F; &#xC2D;&#xC4D;&#xC30;&#xC2E;&#xC32;&#xC4B; /</subfield>
    <subfield code="c">&#xC30;&#xC3F;&#xC1A;&#xC30;&#xC4D;&#xC21;&#xC4D; &#xC21;&#xC3E;&#xC15;&#xC3F;&#xC28;&#xC4D;&#xC38;&#xC4D;; &#xC24;&#xC46;&#xC32;&#xC41;&#xC17;&#xC41; &#xC05;&#xC28;&#xC41;&#xC35;&#xC3E;&#xC26;&#xC02; &#xC28;&#xC30;&#xC3F;&#xC36;&#xC46;&#xC1F;&#xC4D;&#xC1F;&#xC3F; &#xC07;&#xC28;&#xC4D;&#xC28;&#xC2F;&#xC4D;&#xC2F;</subfield>
  </datafield>
  <datafield tag="246" ind1=" " ind2=" ">
    <subfield code="a">Devudi bramalo</subfield>
    <subfield code="b">Richard Dawkins</subfield>
  </datafield>
  <datafield tag="260" ind1=" " ind2=" ">
    <subfield code="a">&#xC35;&#xC3F;&#xC1C;&#xC2F;&#xC35;&#xC3E;&#xC21;</subfield>
    <subfield code="b">&#xC05;&#xC32;&#xC15;&#xC28;&#xC02;&#xC26; &#xC2A;&#xC4D;&#xC30;&#xC1A;&#xC41;&#xC30;&#xC23;&#xC32;&#xC41;</subfield>
    <subfield code="c">2008</subfield>
  </datafield>
  <datafield tag="270" ind1=" " ind2=" ">
    <subfield code="a">59-6-15, &#xC15;&#xC02;&#xC1A;&#xC41;&#xC15;&#xC4B;&#xC1F; &#xC35;&#xC40;&#xC27;&#xC3F;, &#xC2E;&#xC47;&#xC30;&#xC3F;&#xC38;&#xC4D; &#xC38;&#xC4D;&#xC1F;&#xC46;&#xC32;&#xC4D;&#xC32;&#xC3E; &#xC15;&#xC3E;&#xC32;&#xC47;&#xC1C;&#xC3F; &#xC0E;&#xC26;&#xC41;&#xC30;&#xC41;&#xC17;&#xC3E;,</subfield>
    <subfield code="b">&#xC35;&#xC3F;&#xC1C;&#xC2F;&#xC35;&#xC3E;&#xC21;</subfield>
    <subfield code="e">520 008</subfield>
  </datafield>
  <datafield tag="300" ind1=" " ind2=" ">
    <subfield code="a">323&#xC2A;&#xC47;.</subfield>
    <subfield code="c">23 &#xC38;&#xC46;.&#xC2E;&#xC40;.</subfield>
  </datafield>
  <datafield tag="650" ind1=" " ind2=" ">
    <subfield code="x">&#xC28;&#xC3E;&#xC38;&#xC4D;&#xC24;&#xC3F; &#xC15;&#xC24;&#xC4D;&#xC35;&#xC2E;&#xC41;</subfield>
  </datafield>
  <datafield tag="650" ind1=" " ind2=" ">
    <subfield code="a"> Atheism</subfield>
  </datafield>
  <datafield tag="700" ind1=" " ind2=" ">
    <subfield code="a">&#xC07;&#xC28;&#xC4D;&#xC28;&#xC2F;&#xC4D;&#xC2F;, &#xC28;&#xC30;&#xC3F;&#xC36;&#xC46;&#xC1F;&#xC4D;&#xC1F;&#xC3F;</subfield>
  </datafield>
  <datafield tag="942" ind1=" " ind2=" ">
    <subfield code="2">ddc</subfield>
    <subfield code="c">TL</subfield>
    <subfield code="h">211.8</subfield>
    <subfield code="m">/ DAW</subfield>
  </datafield>
  <datafield tag="999" ind1=" " ind2=" ">
    <subfield code="c">25321</subfield>
    <subfield code="d">25321</subfield>
  </datafield>
  <datafield tag="952" ind1=" " ind2=" ">
    <subfield code="0">0</subfield>
    <subfield code="1">0</subfield>
    <subfield code="2">ddc</subfield>
    <subfield code="4">0</subfield>
    <subfield code="7">0</subfield>
    <subfield code="8">NFIC</subfield>
    <subfield code="a">DBAD</subfield>
    <subfield code="b">DBAD</subfield>
    <subfield code="d">2009-03-18</subfield>
    <subfield code="g">200.00</subfield>
    <subfield code="l">0</subfield>
    <subfield code="o">211.8 / DAW</subfield>
    <subfield code="p">TL-4050</subfield>
    <subfield code="r">2009-03-18 00:00:00</subfield>
    <subfield code="v">200.00</subfield>
    <subfield code="w">2009-03-18</subfield>
    <subfield code="y">TL</subfield>
  </datafield>
</record>
